Utopías del renacimiento
Uloženo v:
| Hlavní autoři: | , , |
|---|---|
| Médium: | Kniha |
| Jazyk: | španělština |
| Vydáno: |
Ciudad de México
Fondo de Cultura Económica
1956
|
| Vydání: | 2a. ed |
| Edice: | Sección de obras de política
|
| Témata: | |
| Tagy: |
Přidat tag
Žádné tagy, Buďte první, kdo vytvoří štítek k tomuto záznamu!
|
MARC
| LEADER | 00000nam a2200000 a 4500 | ||
|---|---|---|---|
| 001 | UCV8905 | ||
| 003 | CL-VaPUC | ||
| 008 | 920303e19560000MX |||||||||||||||||spa|d | ||
| 082 | 0 | 4 | |a 321.07 |b MOR |2 21 |
| 100 | |a Moro, Tomás |e autor |q More, Thomas |9 868789 | ||
| 700 | 0 | |a Campanella, Tomaso |e author |9 302884 | |
| 700 | 0 | |a Bacon, Francis |e author |9 302885 | |
| 245 | 1 | 0 | |a Utopías del renacimiento |
| 246 | 1 | 0 | |a Utopía |
| 246 | 1 | 3 | |a La ciudad del sol |
| 246 | 1 | 0 | |a Nueva Atlantida |
| 250 | |a 2a. ed | ||
| 300 | |a 235 p | ||
| 942 | |c BK | ||
| 945 | |d 19920303 00:00:00 | ||
| 260 | |a Ciudad de México |b Fondo de Cultura Económica |c 1956 | ||
| 650 | 0 | |a Utopía |9 267298 | |
| 650 | 0 | |a Doctrinas políticas |9 255835 | |
| 650 | 0 | |a Política |9 255312 | |
| 650 | 0 | |a Ideologías |9 255200 | |
| 650 | 7 | |a TEORIA |2 CL-VaPUC |9 302886 | |
| 583 | |a last modification |c 19920303 00:00:00 |k Rodrigo Vera | ||
| 490 | 0 | |a Sección de obras de política | |
| 999 | |c 214323 |d 214321 | ||
| 952 | |0 0 |1 0 |2 ddc |4 0 |6 321_070000000000000_MOR_1956 |7 0 |8 A |9 197566 |a BIBARQ |b BIBARQ |c PAC |d 2019-11-14 |i 2652366 |o 321.07 MOR 1956 |p 2652366 |r 2025-01-20 |w 2019-11-14 |y BK |k ARQ | ||